To je šoubyznys

Hlavní autor: Vondráčková, Helena, 1947-
Další autoři: Korn, Jiří, 1949-
Jazyk: Čeština
Vydáno: Praha : Bonton Music, 1976, 1977, 1980, 1982-1984, 1987-1989, 1991, 1995, p1996
Témata:
Fyzický popis: 1 MC + 1 slož. list.
Zvukové nahrávky
Uloženo v:
LEADER 01573njm a2200457 a 4500
001 000290394
003 CZ BrMZK
005 79950101143423.0
008 950101s1996 xr f cze d
028 0 3 |a 71 0413-4  |b Bonton Music 
040 |a BOA001  |b cze 
080 |a 784.4(086.7)  |2 MRF 
100 1 |a Vondráčková, Helena,  |d 1947-  |7 jn19990210804  |4 prf 
245 1 0 |a To je šoubyznys  |h [zvukový záznam] /  |c Helena Vondráčková & Jiří Korn. 
246 3 3 |a Noc kolem nás 
246 3 3 |a Slunce 
246 3 3 |a Tak pojď 
246 3 3 |a To chce šmrnc a cosi navíc 
246 3 3 |a To pan Chopin 
246 3 3 |a Zatímco déšť si v listí hrál 
246 3 3 |a Žárlivá žena 
246 3 3 |a Byl to klaun 
246 3 3 |a Cirkus 
246 3 3 |a Fred Astaire medley 
246 3 3 |a Hello, Dolly 
246 3 3 |a Já na bráchu blues 
246 3 3 |a Já půjdu tam a ty tam 
246 3 3 |a Já to vidím jak dnes 
246 3 3 |a Každá trampota má svou mez 
246 3 3 |a My milujeme jazzband 
260 |a Praha :  |b Bonton Music,  |c 1976, 1977, 1980, 1982-1984, 1987-1989, 1991, 1995, p1996 
300 |a 1 MC +  |e 1 slož. list. 
500 |a Durata neuv 
500 |a Nahr. neuv 
505 2 |a Byl to klaun, Noc kolem nás, Já půjdu tam a ty tam...[et al.] 
653 0 |a evergreeny  |a populární hudba  |a populární písně 
700 1 |a Korn, Jiří,  |d 1949-  |7 jn19990209388  |4 prf 
910 |a BOA001  |b KZ-0005.858 
964 |a Hudba populární  |x MC 
990 |a AV 
996 6 |b 261H006101  |c KZ-0005.858  |l MZK  |r Sklad / do 24 hodin  |n 0  |p p.v.  |w 000290394  |u 000010  |a 1  |e BOA001  |j MZK50  |s P